000 00693nam a22001937a 4500
003 OSt
005 20140310181802.0
008 130703t xxu||||| |||| 00| 0 eng d
020 _a0553274112
050 _aPC 4640
_b.St822 1988
082 _aREF 443
_bSt4 1972
245 _aFrench and english dictionary :
_bfully revised and expanded with thousand of new and updated entries, the most complete modern french dictionary in paperback /
_cRoger J. Steiner.
260 _aNew York :
_bBantam Books,
_cc1972.
520 _a1. French--english--dictionary 2. English--French--dictionary
521 _aBasic Ed. Students
541 _g4463
_j1
562 _e1
942 _2lcc
_cBK-GR
_kREF
999 _c3654
_d3654